Defensa del suelo agrícola / (Record no. 24482)

MARC details
000 -LEADER
campo de control de longitud fija 00780nam a2200217 i 4500
001 - NÚMERO DE CONTROL
campo de control 24482
003 - IDENTIFICADOR DE NÚMERO DE CONTROL
campo de control ES-MaACL
005 - FECHA Y HORA DE LA ÚLTIMA TRANSACCIÓN
campo de control 20230906153045.0
007 - CAMPO FIJO DE DESCRIPCIÓN FÍSICA--INFORMACIÓN GENERAL
campo de control de longitud fija t|
008 - DATOS DE LONGITUD FIJA--INFORMACIÓN GENERAL
campo de control de longitud fija 021217q1946 sp ||||1| spa d
100 1# - ENTRADA PRINCIPAL--NOMBRE DE PERSONA
Nombre de persona Andreu Lázaro, Jesús.
9 (RLIN) 21643
245 10 - MENCIÓN DEL TÍTULO
Título Defensa del suelo agrícola /
Mención de responsabilidad, etc. por J. Andreu Lázaro ; prólogo de Manuel de Goytia.
260 ## - PUBLICACIÓN, DISTRIBUCIÓN, ETC.
Lugar de publicación, distribución, etc. [Madrid] :
Nombre del editor, distribuidor, etc. Ministerio de Agricultura,
Fecha de publicación, distribución, etc. [1946?] (
Fabricante Uguina)
300 ## - DESCRIPCIÓN FÍSICA
Extensión XI, 124 p., 16 lám. :
Otras características físicas il. ;
Dimensiones 22 cm.
490 1# - MENCIÓN DE SERIE
Mención de serie Sección de Publicaciones, Prensa y Propaganda
700 1# - ENTRADA AGREGADA--NOMBRE PERSONAL
Nombre de persona Goytia, Manuel.
9 (RLIN) 59418
710 1# - ENTRADA AGREGADA--NOMBRE DE ENTIDAD CORPORATIVA
Nombre de entidad corporativa o nombre de jurisdicción como elemento de entrada España.
Unidad subordinada Ministerio de Agricultura.
9 (RLIN) 3837
830 0# - PUNTO DE ACCESO ADICIONAL DE SERIE-TÍTULO UNIFORME
Título uniforme Sección de Publicaciones, Prensa y Propaganda
9 (RLIN) 180914
852 ## - LOCALIZACIÓN
Ubicación ES-MaACL
Número de control de estantería D-5837
Sublocalización o colección R.29725
Holdings
Estatus retirado Estado de pérdida Estado de daño No para préstamo Biblioteca de origen Biblioteca actual Ubicación en estantería Fecha de adquisición Fuente de adquisición Total de préstamos Signatura topográfica completa Código de barras Visto por última vez Precio de reemplazo Tipo de ítem Koha
        Biblioteca del Ateneo de Madrid Biblioteca del Ateneo de Madrid Sala Valle Inclán 17/01/2008     D-5837 901025242 23/02/2023 23/02/2023 Libro impreso